000 00440nam a22001817a 4500
001 3048
003 BD-DhBUF
005 20260505113738.0
008 260505b bg ||||| |||| 00| 0 ben d
020 _a9781612680194
040 _aBD-DhBUF
_cBD-DhBUF
245 _aRich Dad Poor Dad /
_cKiyosaki, Robert T.
260 _aIndia :
_bPlata,
_c2017.
300 _axi, 351p. :
_c21cm. ;
526 _aBBA
650 _aBusiness
942 _2ddc
_cBK
999 _c3048
_d3048